| 000 | 00535cam a2200193ua 4500 | ||
|---|---|---|---|
| 001 | 955 | ||
| 008 | 110425n ii |||gr||||Z||||||eng | ||
| 020 | _a81-8064-003-5 | ||
| 040 | _cMAIN | ||
| 082 | _a323.4 | ||
| 245 | 1 |
_aHuman rights and the United Nations. _cBy Raghubir Chakravarti. |
|
| 250 | _a2nd. | ||
| 260 |
_aKolkatta.: _bProgressive publishers., _c2002. |
||
| 300 |
_axvi, 358 p.: _c23 cm. |
||
| 653 | _aPolitical science. | ||
| 653 | _aHuman rights and the United Nations. | ||
| 700 | 1 | _aChakravarti, Raghubir., | |
| 942 | _cBK | ||
| 999 |
_c876 _d876 |
||